Advanced differential equations (Record no. 176709)

MARC details
000 -LEADER
fixed length control field 00386nam a2200157Ia 4500
008 - FIXED-LENGTH DATA ELEMENTS--GENERAL INFORMATION
fixed length control field 230917s9999||||xx |||||||||||||| ||und||
040 ## - CATALOGING SOURCE
-- 210384
Original cataloging agency VIVEKANANDA LIBRARY
041 ## - Language
-- English
082 ## - DDC NUMBER
Classification number 515.35 R136A(15)
100 ## - MAIN ENTRY--PERSONAL NAME
Personal name Raisinghania, M D
245 #0 - TITLE STATEMENT
Title Advanced differential equations
250 ## - EDITION STATEMENT
Edition statement 15th ed.
260 ## - PUBLICATION, DISTRIBUTION, ETC. (IMPRINT)
Place of publication, distribution, etc New Delhi
Name of publisher, distributor, etc S Chand
Date of publication, distribution, etc 2012
300 ## - PHYSICAL DESCRIPTION
Pages v.p p.
942 ## - ADDED ENTRY ELEMENTS (KOHA)
Koha item type Books
Holdings
Withdrawn status Lost status Damaged status Not for loan Location (home branch) Sublocation or collection (holding branch) Shelving location Date acquired Koha issues (times borrowed) Koha full call number Accession No. Koha date last seen Koha item type
        VIVEKANANDA LIBRARY VIVEKANANDA LIBRARY UIET Library 19/09/2013   515.35 R136A(15) 333126 17/09/2023 Books
        VIVEKANANDA LIBRARY VIVEKANANDA LIBRARY UIET Library 19/09/2013   515.35 R136A(15) 333127 17/09/2023 Books
        VIVEKANANDA LIBRARY VIVEKANANDA LIBRARY UIET Library 19/09/2013   515.35 R136A(15) 333128 17/09/2023 Books
        VIVEKANANDA LIBRARY VIVEKANANDA LIBRARY UIET Library 19/09/2013   515.35 R136A(15) 333129 17/09/2023 Books
        VIVEKANANDA LIBRARY VIVEKANANDA LIBRARY UIET Library 19/09/2013   515.35 R136A(15) 333130 17/09/2023 Books
        VIVEKANANDA LIBRARY VIVEKANANDA LIBRARY UIET Library 19/09/2013   515.35 R136A(15) 333131 17/09/2023 Books
        VIVEKANANDA LIBRARY VIVEKANANDA LIBRARY UIET Library 19/09/2013   515.35 R136A(15) 333132 17/09/2023 Books
        VIVEKANANDA LIBRARY VIVEKANANDA LIBRARY UIET Library 19/09/2013   515.35 R136A(15) 333133 17/09/2023 Books
        VIVEKANANDA LIBRARY VIVEKANANDA LIBRARY UIET Library 19/09/2013   515.35 R136A(15) 333134 17/09/2023 Books
        VIVEKANANDA LIBRARY VIVEKANANDA LIBRARY UIET Library 19/09/2013 1 515.35 R136A(15) 333135 04/08/2025 Books
© Designed and Maintained by Vivekananda Library, MDU Rohtak